| 000 | 00694nam a2200229 a 4500 | ||
|---|---|---|---|
| 005 | 20231101063620.0 | ||
| 008 | 991125s1980 mx 000 0 spa u | ||
| 020 | _a9681604822 | ||
| 035 | _aUPN01000003235 | ||
| 049 | _aCG | ||
| 050 | 4 |
_aPQ7297 P41 _bA5 |
|
| 100 | 1 |
_aPonce Zavala, Manuel, _d1913-1997 |
|
| 245 | 1 | 0 |
_aAntología poética / _cManuel Ponce ; selec. y pról. de Gabriel Zaid. |
| 260 |
_aMéxico : _bFCE, _c1980. |
||
| 300 | _a114 p. | ||
| 440 | 0 | _aLetras mexicanas | |
| 600 | 1 | 4 |
_aPONCE ZAVALA, MANUEL, _d1913-1994- _vSELECCIONES, EXTRACTOS, ETC. _91480 |
| 650 | 4 |
_aPoesía mexicana _91273 |
|
| 700 | 1 |
_aZaid, Gabriel _ecomp. _929514 |
|
| 905 | _aLibro | ||
| 999 |
_c3235 _d3235 |
||